Producción de forraje de avena bajo riego en el Valle Inferior del Río Negro /
Guardado en:
| Autor Principal: | |
|---|---|
| Formato: | Libro |
| Idioma: | Undetermined |
| Publicado: |
Viedma :
INTA,
2011.
|
| Edición: | 1a ed. |
| Series: | Forrajes y Pastizales
|
| Materias: | |
| Etiquetas: |
Agregar Etiqueta
Sin Etiquetas, Sea el primero en etiquetar este registro!
|
| LEADER | 01172nam a22002535a 4500 | ||
|---|---|---|---|
| 001 | CEM.cems024674 | ||
| 008 | 250610s2011####xx############000#0#und#d | ||
| 005 | 20250610113512.0 | ||
| 245 | 1 | 0 | |a Producción de forraje de avena bajo riego en el Valle Inferior del Río Negro / |c J.J Gallego; G.A Parra ; D.P Miñón ; R.A Barbarossa. |
| 250 | |a 1a ed. | ||
| 260 | |a Viedma : |b INTA, |c 2011. | ||
| 300 | |a 32 p. ; |c 23 cm. | ||
| 490 | 1 | |a Forrajes y Pastizales | |
| 500 | |a Forrajes y pastizales -- Producción de forraje de avena bajo riego en el Valle Inferior -- Fruticultura -- Importancia del riego en frutos secos -- Producción Ovina -- Invernada de corderos en áres de alto potencial forrajero -- Apicultura -- Avicultura -- Avicultura para consumo familiar -- Climatología -- Producción Bovina -- Estado corporal en vacas de cría -- Prohuerta -- Espinaca -- | ||
| 100 | 1 | |a Gallego, J.J. | |
| 653 | |a Forrajes | ||
| 653 | |a Pastizales | ||
| 653 | |a Fruticultura | ||
| 653 | |a Producción ovina | ||
| 653 | |a Apicultura | ||
| 653 | |a Avicultura | ||
| 653 | |a Climatología | ||
| 653 | |a Producción bovina | ||
| 859 | |a CEMS |b BIB. CEMS - Agricultura |h 633.2 |i R331 |p A3860.25 |t Ej.1 | ||
